000 00926nam a2200265 4500
001 178071
003 ES-MaACL
005 20230902122735.0
008 110516s2006 sp aop |||| |dspa d
020 _a978-84-8472-121-5
080 _a821.134.2-21"19"
100 1 _aAub, Max,
_d1903-1972
_923783
245 1 0 _aSan Juan
_b: (tragedia) /
_cMax Aub ; edición, estudio introductorio y notas de Manuel Aznar Soler.
260 _aSevilla :
_bRenacimiento,
_c2006.
300 _a271 p. :
_bil. ;
_c22 cm.
490 1 _aBiblioteca del exilio ;
_v24
500 _aApéndices.
504 _aBibliografía: p. 70-83.
700 1 _aAznar Soler, Manuel.
_924318
830 0 _aBiblioteca del exilio ;
_v24
_9180374
852 _aES-MaACL
_jA-11185
_9184930
_bR.145231
_cDEPO1
_dOlim: N-4190
_xDonación: Jose Esteban
903 _9234040
_aEsteban, José
_ednr
942 _2udc
_cMONOGRAFIA
999 _c178071
_d178071